Представление документа в формате RUSMARC

ПолеНазваниеЗначение
  Тип записи a
  Библиографический уровень c
001 Контрольный номер ac0fb73add0f4ef090a1a7b7ea1587f1
005 Дата корректировки 20251219142516.2
010 Индекс ISBN __
a ISBN 978-5-8112-6408-7
9 Тираж 5000 экз.
d Цена 120-00
100 Данные общей обработки __
a Данные общей обработки 20250217d2019 mady0rusy028902 ca
101 Язык документа 0_
a Язык текста eng
a Язык текста rus
102 Страна публикации __
a Страна публикации RU
105 Кодированные данные (монография) __
a Кодированные данные (монография) a z 000ay
181 Поле кодированных данных: вид содержания _0
a Код вида содержания (ISBD) i
182 Поле кодированных данных: тип средства _0
a Код типа средства (ISBD) n
200 Заглавие и сведения об ответственности 1_
a Заглавие Затерянный мир
a Заглавие Рассказы о Шерлоке Холмсе
f Первые сведения об ответственности Артур Конан Дойл
g Последующие сведения об ответственности составление, адаптация текста, комментарии, упражнения Е. Г. Вороновой
g Последующие сведения об ответственности иллюстрации: В. Н. Фекляев
d Параллельное заглавие The Lost World
d Параллельное заглавие The Stories about Sherlock Holmes
z Язык параллельного заглавия eng
203 Вид содержания и тип средства __
a Вид содержания Текст
c Тип средства непосредственный
210 Выходные данные 1_
a Место издания Москва
c Издательство Айрис-пресс
d Дата издания 2019
215 Физическое описание __
a Объем 277, [1] с.
c Иллюстрации/тип воспроизводства ил.
d Формат 21 см
225 Серия 2_
a Серия Английский клуб
i Наименование части Elementary
225 Серия 2_
a Серия Домашнее чтение
300 Общие примечания __
a Общие примечания Текст на английском языке
300 Общие примечания __
a Общие примечания Автор и заглавие на обложке параллельно на русском и английском языках
330 Аннотация __
a Аннотация Книга знакомит читателя с творчеством известного английского писателя Артура Конан Дойла. На страницах книги вы встретитесь со знакомыми персонажами - профессором Челленджером и его командой, узнаете, где можно встретить настоящих динозавров, и сможете проследить за раскрытием таинственных преступлений. .Тексты произведений - "Затерянный мир" и рассказы о Шерлоке Холмсе - адаптированы с учётом уровня владения языком учащихся 5-6 классов. Книга снабжена комментарием и упражнениями.
464 Аналитический уровень _0
1 2001
a The Adventure of the Beryl Coronet
464 Аналитический уровень _0
1 2001
a The Five Orange Pips
464 Аналитический уровень _0
1 2001
a The Adventure of the Speckled Band
464 Аналитический уровень _0
1 2001
a The Crooked Man
464 Аналитический уровень _0
1 2001
a A Scandal in Bohemia
606 Тематические рубрики __
a Основная рубрика Языкознание
2 Код системы nlr_sh
606 Тематические рубрики __
a Основная рубрика Германские языки
2 Код системы nlr_sh
610 Ключевые слова 0_
a Ключевые слова зарубежная литература
610 Ключевые слова 0_
a Ключевые слова английская литература
610 Ключевые слова 0_
a Ключевые слова научно-фантастические романы
610 Ключевые слова 0_
a Ключевые слова научная фантастика
610 Ключевые слова 0_
a Ключевые слова фантастика
610 Ключевые слова 0_
a Ключевые слова детективы
610 Ключевые слова 0_
a Ключевые слова рассказы
610 Ключевые слова 0_
a Ключевые слова детективные рассказы
610 Ключевые слова 0_
a Ключевые слова Шерлок Холмс
610 Ключевые слова 0_
a Ключевые слова профессор Челленджер
610 Ключевые слова 0_
a Ключевые слова затерянные миры
610 Ключевые слова 0_
a Ключевые слова тема затерянных миров
610 Ключевые слова 0_
a Ключевые слова путешествия
610 Ключевые слова 0_
a Ключевые слова тема путешествий
610 Ключевые слова 0_
a Ключевые слова приключения
610 Ключевые слова 0_
a Ключевые слова тема приключений
610 Ключевые слова 0_
a Ключевые слова экранизации
610 Ключевые слова 0_
a Ключевые слова экранизированные книги
610 Ключевые слова 0_
a Ключевые слова английский язык
610 Ключевые слова 0_
a Ключевые слова чтение на английском
610 Ключевые слова 0_
a Ключевые слова изучение английского языка
610 Ключевые слова 0_
a Ключевые слова адаптированные тексты
686 Индексы других классификаций __
2 Код системы rubbks
a Классификационный индекс 81.432.1я7-3
700 Автор _1
a Фамилия Дойл
b Имя А. К.
g Полное личное имя Артур Конан
f Даты 1859-1930
4 Код отношения 070
702 Вторичная интеллектуальная ответственность _1
a Фамилия Воронова
b Имя Е. Г.
4 Код отношения 010
4 Код отношения 210
4 Код отношения 570
4 Код отношения 220
g Полное личное имя Елена Геннадьевна
702 Вторичная интеллектуальная ответственность _1
a Фамилия Фекляев
b Имя В. Н.
f Даты 1947-
g Полное личное имя Владимир Николаевич
4 Код отношения 440
801 Источник записи _0
b Организация Муниципальное бюджетное учреждение культуры "Централизованная библиотечная система" г. Сургут (Центральная городская библиотека им. А. С. Пушкина)
a Страна RU
c Дата составления 20250217
g Правила каталогизации PSBO
852 Данные о местонахождении __
i Авторский знак Д 62
j Шифр хранения 81.432.1я7-3
900 Макрообъекты __
a Макрообъекты Затерянный мир ; Рассказы о Шерлоке Холмсе = The Lost World = The Stories about Sherlock Holmes. Дойл, А. К., 2019
901 Тип документа __
a Ответственный КиК/Обаева
t Тип документа x
903 Характеристики (МАРС) __
a Дата передачи 20250217
c Наименование библиотеки (МАРС) Муниципальное бюджетное учреждение культуры "Централизованная библиотечная система" г. Сургут (Центральная городская библиотека им. А. С. Пушкина)
969 Тип издания __
a Тип издания книга для чтения
990 Данные о заказе (DOS) __
j Количество экземпляров (DOS) 1
t N записи в КСУ для И/У (DOS) 202503